Teológia oslobodenia žije

Bibliographic Details
Main Author: Chmelár, Eduard, 1971- (Author)
Format: Article
Language:Slovak
PhysicalDescription:Obr.
ISSN:1335-468X
Subjects:

MARC

LEADER 00000nab a2200000 ar4500
001 vtls008425844
003 SK-MaSNL
005 20260303065931.0
008 060124c2005 xo wr|p|||||||000 b|slo
015 |a SNBRB2006/01  |2 snkbucl 
040 |a SNKBUCL  |b slo  |c SNKBUCL  |e AACR2 
041 0 |a slo 
044 |a xo  |c SK 
080 |a 261.625  |2 1997 
100 1 |a Chmelár, Eduard,  |d 1971-   |4 aut  |9 92992 
245 1 0 |a Teológia oslobodenia žije  |c Eduard Chmelár 
300 |b Obr. 
650 0 7 |a teológia oslobodenia  |2 snkbucl  |9 2148 
773 0 |t Slovo : spoločensko-politický týždenník  |g Roč. VII, č. 51-52 (2005), s. 18  |x 1335-468X 
852 |a SNK  |b KIS3GCP 
999 |c 1753312  |d 1755242